000 00476nam a2200169Ia 4500
008 230917s9999||||xx |||||||||||||| ||und||
020 _cRS995
040 _e254106
_aMAIN
041 _aEnglish
082 _a954.02 S16E
100 _aSubrahmanyam, Sanjay
245 0 _aEmpires between Islam and Christianity (1500-1800)
260 _aRanikhet
_bPermanent Black
_c2018
300 _axiv, 457 p.
500 _a3410 21/01/2019 HBD19/7715 11/02/2019 Main Budget
942 _cBK
999 _c30280
_d30280